000 00750nam a2200277Ia 4500
003 OSt
005 20221006144044.0
006 a|||||r|||| 00| 0
007 ta
008 221006b |||||||| |||| 00| 0 eng d
020 _c
_10.00 (each)
024 _a10,747
037 _cTextual
040 _aEASL
_cEASL
_beng
041 _2eng
_aeng
082 _aW691.41xM79, K6;1
100 _aTROTSKY Leon
245 0 _aProblems of the Chinese revolution
250 _a3
260 _aNew York
_bParagon Book Reprint Corp.
_c1966
300 _a432p.
_ccm.
490 _v CEL
700 _a SHACHTMAN Max Tr.
_9650790
942 _hW691.41xM79, K6;1
_cTEXL
_2CC
999 _c1078833
_d1078833